Obal by mal ušetriť viac, než stojí

Rozhovor s riaditeľom firmy Tetra Pak J. Olssonom o vzťahu ekológie a ekonomiky. Kartónové obaly na tekuté potraviny tvoria veľkú časť domového odpadu. Metódy na zníženie tohto podielu na minimum. Štyri spôsoby vhodné pre obaly Tetra Pak: redukcia spotreby materiálu na obal, recyklácia, energia vrac...

Descripción completa

Guardado en:
Detalles Bibliográficos
Autor principal: Novosád, František
Otros Autores: Olsson, J.
Formato: Capítulo de libro
Lenguaje:eslovaco
Materias:
Etiquetas: Agregar Etiqueta
Sin Etiquetas, Sea el primero en etiquetar este registro!

MARC

LEADER 00000naa a2200000 4500
001 r027170
005 20230606081412.9
041 0 |a slo 
044 |a SK 
245 1 0 |a Obal by mal ušetriť viac, než stojí  |c F. Novosád, J. Olsson 
520 |a Rozhovor s riaditeľom firmy Tetra Pak J. Olssonom o vzťahu ekológie a ekonomiky. Kartónové obaly na tekuté potraviny tvoria veľkú časť domového odpadu. Metódy na zníženie tohto podielu na minimum. Štyri spôsoby vhodné pre obaly Tetra Pak: redukcia spotreby materiálu na obal, recyklácia, energia vracajúca sa spaľovaním, skládky. 
610 2 0 |a obaly 
610 2 0 |a recyklácia odpadu 
610 2 0 |a Tetra Pak 
610 2 0 |a ekológia 
610 2 0 |a ochrana prostredia životného 
100 1 |a Novosád, František 
700 1 |a Olsson, J.